007020000a2200193000450024500720000030000110007244000380008350001110012165000390023265000390027165000180031065000180032865000280034665100310037404100140040504400130041911000510043226000250048310aAplicación metodológica al ordenamiento territorial de Ibagué bCD-ROM 0aSerie Ordenamiento Territorial, 4 aRequerimientos del sistema: Windows 95 o superior, Procesador Pentium o superior Software: Quick Time 4.214aOrdenamiento territorial municipal14aPlanes de ordenamiento territorial14aUso del suelo14aCartografía14aDiagnóstico ambiental 4mIbaguédTolimapColombia0 aEspañol aColombia1 aInstituto Geográfico Agustín CodazzisIGAC aBogotábIGACc2001